Interiors
Enregistré dans:
| Auteur principal: | |
|---|---|
| Format: | Livre |
| Langue: | anglais |
| Publié: |
CICO Books
2013
|
| Tags: |
Ajouter un tag
Pas de tags, Soyez le premier à ajouter un tag!
|
MARC
| LEADER | 00000nam a22000007a 4500 | ||
|---|---|---|---|
| 008 | 210125b ||||| |||| 00| 0 eng d | ||
| 020 | |a 978-1-78249054-8 | ||
| 100 | |a CAMPBELL, Nina | ||
| 245 | |a Interiors |c Nina Campbell | ||
| 260 | |b CICO Books |c 2013 |h New York |i 691424 – EDM. 691425 |l NA2850 .C15 |m Architectural interiors | ||
| 942 | |a lcc |c BK |e Mr Ogunleye | ||
| 952 | |0 0 |1 0 |2 lcc |4 0 |6 NA2850 C15 |7 0 |9 1754 |a HOL |b EDM |d 2021-01-25 |l 0 |o NA2850 .C15 |p 2021-0531 |r 2021-01-25 00:00:00 |w 2021-01-25 |y BK | ||
| 952 | |0 0 |1 0 |2 lcc |4 0 |6 NA2850 C15 |7 0 |9 1755 |a HOL |b HOL |d 2021-01-25 |l 0 |o NA2850 .C15 |p 2021-0532 |r 2021-01-25 00:00:00 |w 2021-01-25 |y BK | ||
| 999 | |c 929 |d 929 | ||